| 000 | 01402nam a2200349Ia 4500 | ||
|---|---|---|---|
| 001 | ebr10599422 | ||
| 003 | CaPaEBR | ||
| 006 | m u | ||
| 007 | cr cn||||||||| | ||
| 008 | 940112s1994 gw a sb 100 0 eng d | ||
| 010 | _z 94000169 | ||
| 020 | _z3110135698 | ||
| 020 | _z9783110135695 | ||
| 020 | _z9783110857191 | ||
| 040 |
_aCaPaEBR _cCaPaEBR |
||
| 035 | _a(OCoLC)815507686 | ||
| 050 | 1 | 4 |
_aHD3842 _b.I515 1994eb |
| 082 | 0 | 4 |
_a338.9 _220 |
| 245 | 0 | 0 |
_aInternational privatisation _h[electronic resource] : _bstrategies and practices / _cedited by Thomas Clarke. |
| 260 |
_aBerlin ; _aNew York : _bW. de Gruyter, _c1994. |
||
| 300 |
_axvi, 435 p. : _bill. |
||
| 440 | 0 |
_aDe Gruyter studies in organization ; _v55 |
|
| 500 | _aPapers presented at a conference held on Sept. 12-14 at the University of St Andrews, Scotland. | ||
| 504 | _aIncludes bibliographical references. | ||
| 533 |
_aElectronic reproduction. _bPalo Alto, Calif. : _cebrary, _d2011. _nAvailable via World Wide Web. _nAccess may be limited to ebrary affiliated libraries. |
||
| 650 | 0 |
_aPrivatization _vCongresses. |
|
| 650 | 0 |
_aGovernment ownership _vCongresses. |
|
| 655 | 7 |
_aElectronic books. _2local |
|
| 700 | 1 |
_aClarke, Thomas, _d1950- |
|
| 710 | 2 | _aebrary, Inc. | |
| 856 | 4 | 0 |
_uhttp://site.ebrary.com/lib/rucke/Doc?id=10599422 _zAn electronic book accessible through the World Wide Web; click to view |
| 999 |
_c109898 _d109898 |
||